| 000 | 01603nam a2200337 i 4500 | ||
|---|---|---|---|
| 003 | DO-SdBNP | ||
| 005 | 20250527094208.0 | ||
| 007 | ta | ||
| 008 | 250527b2024 dr ||||| |||| 00| 0 spa d | ||
| 020 | _a9789945639469 | ||
| 040 |
_aDO-SdBNP _bspa _cBNPHU _erda |
||
| 082 |
_aRD 861.44 _bC322m _222 |
||
| 100 | 1 |
_aCartagena Portalatín, Aída, _d1918-1994 _eautora _4aut. _923557 |
|
| 245 | 0 | 4 |
_aUna mujer está sola : _b y otras poesías / _cAída Cartagena Portalatín ; presentación, Nurys del Carmen González Durán ; prólogo, Eduardo Gautreau de Windt |
| 264 | 1 |
_aSanto Domingo : _bEditora Búho, _c©2024. |
|
| 300 |
_a102 páginas : _c23 cm. |
||
| 336 |
_atexto _btxt _2rdacontent |
||
| 337 |
_asin mediación _bn _2rdamedia |
||
| 338 |
_avolumen _bnc _2rdacarrier |
||
| 490 | 1 | _aClásicos dominicanos | |
| 490 | 1 |
_aPoesía _v3 |
|
| 500 | _aIncluye datos biografícos de la autora en la página 101-102. | ||
| 520 | _aA través de una prosa poética rica y evocadora, la autora aborda temas como el aislamiento, la búsqueda de identidad y la lucha interna de las mujeres en un mundo que a menudo las marginales. El tono de los poemas es a la vez introspectivo y crítico, invitando a la reflexión sobre el papel de la mujer en la sociedad y las expectativas que se imponen sobre ellas. | ||
| 590 | _aInventariado, 2025/ YL | ||
| 650 | 4 | _aPoesía dominicana | |
| 650 | 4 | _aLiteratura dominicana | |
| 700 | 1 |
_aGonzález Durán, Nurys del Carmen _epresentación, _4pres. _975872 |
|
| 700 | 1 |
_aGautreau de Windt, Eduardo _eprólogo _4prol. _970818 |
|
| 910 | _aYLockward | ||
| 942 |
_2ddc _cLBS1 |
||
| 999 |
_c58510 _d58510 |
||